000 00926nmc a2200361 a 4500
003 AR-BaBNM
005 20251128205417.0
008 097119s1996 ||||||||||||||000 | spa||
020 _a987-9017-01-3
040 _cAR-BaBNM
100 1 _aFoucault, Michel
245 1 0 _aGenealogía del racismo
260 _aLa Plata
_bAltamira
_c1996
300 0 _a220 p.
490 0 _aCaronte. Ensayos
650 4 _aSOCIOLOGIA CULTURAL
650 4 _aHISTORIA SOCIAL
650 4 _aCONFLICTO SOCIAL
650 4 _aRACISMO
650 4 _aESTUDIOS CULTURALES
650 4 _aSISTEMAS DE CONTROL
650 4 _aESTRUCTURA SOCIAL
650 4 _aPSICOLOGIA
650 4 _aPROBLEMAS SOCIALES
650 4 _aDISCRIMINACION
650 4 _aMINORIAS
650 4 _aPODER POLITICO
650 4 _aPODER POLICIAL
700 1 _aTzveibel, Alfredo
_etraductor
700 1 _aAbraham, Tomás
_eprologuista
942 _cBK
998 _cMARTIN
999 _c11333
_d11333